000 00876nam a22002177a 4500
010 _a1617CH-EN
020 _a9789383202836
_cRs.175.00 Hb
035 _aB-642556-578
035 _aB-664662
037 _aDPL
_bBSB/Ven.
082 _aS
100 _aBronte, Charlotte
245 _aJane Eyre /
_cby Charlotte Bronte
260 _aNew Delhi
_bOm Kidz
_c2016 (repr)
270 _a4379/4B, Prakash House, Ansari Road,
_bNew Delhi
_e110002
300 _a240p.
_bill.
_c20cm(Hb)
490 _aOm Illustrated Classics
942 _2ddc
_cCH
_mBRO
_hS
999 _c100387
_d100387